000 00649nam a22001697a 4500
020 _qHard Cover.
082 _a621.3
100 _aIqbal, Junaid ; Talhja Tirmizi, Syed ; Muhammd Azzam Khan.
245 _aReal Time Color Mapping of Night Vision Imagery /
_cJunaid Iqbal ; Syed Talhja Tirmizi ; Muhammd Azzam Khan.
260 _aIslamabad :
_bSEECS - NUST,
_c2019.
300 _a44 p. : ill. ;
_c30cm.
650 _aElectrical Engineering-Project Report
_930780
700 _aDr. Ahmad Salman.
_918529
856 _uhttp://10.250.8.41:8080/xmlui/handle/123456789/29012
942 _2ddc
_cPR
999 _c535954
_d535954